000 01278nam a2200265Ia 4500
003 OSt
005 20220930094840.0
006 a|||||r|||| 00| 0
007 ta
008 220926b |||||||| |||| 00| 0 hin d
024 _a21647
037 _cTheses
040 _aCRL
_cCRL
_bhin
041 _2hin
_ahin
100 _aपाण्डे, निशा
110 _aदिल्ली विश्वविद्यालय. संगीत एवं ललित कला संकाय. संगीत एवं ललित कला विभाग
_9556461
245 0 _aतराना
_b उद्भव, विकास तथा आधुनिक स्वरूप
246 _aTarānā: udbhava, vikās tathā ādhunik svarūpa
260 _c2013
650 _aसंगीत शास्त्र
700 _a डॉ. ओजेश प्रताप सिंह, ले.
_9556462
700 _aदिल्ली विश्वविद्यालय. संगीत एवं ललित कला संकाय. संगीत एवं ललित कला विभाग
_9556463
942 _cDIS
_2CC
999 _c887774
_d887774